Vainqueurs de LaLiga - Statistiques

Statistiques générales
  • Ce quiz a été pris 244 fois
    30 depuis la dernière actualisation
  • Le résultat moyen est 87 sur 94
Statistiques - réponses
Année Vainqueur % Correct
2025 FC Barcelone
100%
2023 FC Barcelone
100%
2019 FC Barcelone
100%
2018 FC Barcelone
100%
2016 FC Barcelone
100%
2015 FC Barcelone
100%
2013 FC Barcelone
100%
2011 FC Barcelone
100%
2010 FC Barcelone
100%
2009 FC Barcelone
100%
2006 FC Barcelone
100%
2005 FC Barcelone
100%
1999 FC Barcelone
100%
1998 FC Barcelone
100%
1994 FC Barcelone
100%
1993 FC Barcelone
100%
1992 FC Barcelone
100%
1991 FC Barcelone
100%
1985 FC Barcelone
100%
1974 FC Barcelone
100%
1960 FC Barcelone
100%
1959 FC Barcelone
100%
1953 FC Barcelone
100%
1952 FC Barcelone
100%
1949 FC Barcelone
100%
1948 FC Barcelone
100%
1945 FC Barcelone
100%
1929 FC Barcelone
100%
2021 Atlético Madrid
96%
2014 Atlético Madrid
96%
1996 Atlético Madrid
96%
1977 Atlético Madrid
96%
1973 Atlético Madrid
96%
1970 Atlético Madrid
96%
1966 Atlético Madrid
96%
1951 Atlético Madrid
96%
1950 Atlético Madrid
96%
2024 Real Madrid
96%
2022 Real Madrid
96%
2020 Real Madrid
96%
2017 Real Madrid
96%
2012 Real Madrid
96%
2008 Real Madrid
96%
2007 Real Madrid
96%
2003 Real Madrid
96%
2001 Real Madrid
96%
1997 Real Madrid
96%
1995 Real Madrid
96%
1990 Real Madrid
96%
1989 Real Madrid
96%
1988 Real Madrid
96%
1987 Real Madrid
96%
1986 Real Madrid
96%
1980 Real Madrid
96%
1979 Real Madrid
96%
1978 Real Madrid
96%
1976 Real Madrid
96%
1975 Real Madrid
96%
1972 Real Madrid
96%
1969 Real Madrid
96%
1968 Real Madrid
96%
1967 Real Madrid
96%
1965 Real Madrid
96%
1964 Real Madrid
96%
1963 Real Madrid
96%
1962 Real Madrid
96%
1961 Real Madrid
96%
1958 Real Madrid
96%
1957 Real Madrid
96%
1955 Real Madrid
96%
1954 Real Madrid
96%
1933 Real Madrid
96%
1932 Real Madrid
96%
1946 Seville FC
88%
2004 Valence CF
88%
2002 Valence CF
88%
1971 Valence CF
88%
1947 Valence CF
88%
1944 Valence CF
88%
1942 Valence CF
88%
1982 Real Sociedad
85%
1981 Real Sociedad
85%
1984 Athletic Bilbao
81%
1983 Athletic Bilbao
81%
1956 Athletic Bilbao
81%
1943 Athletic Bilbao
81%
1936 Athletic Bilbao
81%
1934 Athletic Bilbao
81%
1931 Athletic Bilbao
81%
1930 Athletic Bilbao
81%
1935 Real Betis
73%
2000 Deportivo La Corogne
65%
1941 Atlético Aviación
8%
1940 Atlético Aviación
8%
Aucun quiz correspondant
Distribution des résultats
% des personnes avec chaque résultat
Percentile par nombre de réponses
Votre historique - résultats
Vous n’avez pas pris ce quiz depuis la dernière actualisation